Online
Catalog

Los primeros turistas en Santo Domingo / (Record no. 26135)

MARC details
000 -CABECERA
campo de control de longitud fija 02528nam a2200325 a 4500
001 - NÚMERO DE CONTROL
campo de control 000026643
003 - IDENTIFICADOR DEL NÚMERO DE CONTROL
campo de control OSt
005 - FECHA Y HORA DE LA ÚLTIMA TRANSACCIÓN
campo de control 20240229073954.0
008 - DATOS DE LONGITUD FIJA--INFORMACIÓN GENERAL
campo de control de longitud fija 110324s1991 dr a 001 | spa d
040 ## - FUENTE DE LA CATALOGACIÓN
Centro catalogador/agencia de origen DO-SdBNP
Lengua de catalogación spa
Centro/agencia transcriptor BNPHU
049 ## - FONDOS LOCALES (OCLC)
Fondos de biblioteca
082 #4 - NÚMERO DE LA CLASIFICACIÓN DECIMAL DEWEY
Número de clasificación 917.7293
Número de documento/Ítem P953t
Número de edición 22
245 04 - MENCIÓN DE TÍTULO
Título Los primeros turistas en Santo Domingo /
Mención de responsabilidad, etc. selección, prólogos y notas de Bernardo Vega ; presentación de George Arzeno Brugal.
260 ## - PUBLICACIÓN, DISTRIBUCIÓN, ETC.
Lugar de publicación, distribución, etc. Santo Domingo :
Nombre del editor, distribuidor, etc. Fundación Cultural Dominicana,
Fecha de publicación, distribución, etc. 1991.
300 ## - DESCRIPCIÓN FÍSICA
Extensión 315 p. :
Otras características físicas il. ;
Dimensiones 25 cm.
490 0# - MENCIÓN DE SERIE
Mención de serie Publicaciones de la Fundación Cultural Dominicana
500 ## - NOTA GENERAL
Nota general Incluye índice onomástico.
500 ## - NOTA GENERAL
Nota general Incluye índice de lugares y sitios geográficos.
500 ## - NOTA GENERAL
Nota general Incluye referencias bibliográficas y notas al pie de las páginas
505 ## - NOTA DE CONTENIDO CON FORMATO
Nota de contenido con formato Una carta inédita de Sir Robert Schomburgk / Robert Schomburgk (1850) -- Un verano en las fronteras del Mar Caribe / Dennis Harris (1860) -- Los campos de oro de Santo Domingo/W. S. Courtney (1860) -- El viaje de El Escita en las Indias Occidentales/Susan de Forest Day (1898) -- Cuba y Puerto Rico con las demás islas de las Indias Occidentales / Robert T. Hill (1899) -- La cuna de lo profundo: relato de un viaje a las indias occidentales / Frederick Treves (1908) -- Navegando los mares soleados. Una historia de viajes / Ella Wheeler Cox (1909) -- El mediterráneo Americano / Stephen Bonsal (1912) -- Puerto Rico, pasado y presente, y el Santo Domingo de hoy / A. Hyatt Verrill (1914) -- El libro de las Indias Occidentales/<br/>A. Hyatt Verrill (1919) -- A través de Santo Domingo y Haití / Samuel Guy Inman (1919) -- Andando por las Indias Occidentales/Harry A. Franck (1921) 185 -- Las Indias Occidentales, con la Guyana Británica y Honduras Británica / George Manington (1925) -- Las islas del Rayo Verde : Cuba, Jamaica, Haití, Puerto Rico y Antillas Menores / Mario Appelius (1928) -- Tras las huellas de los conquistadores/Samuel Guy Inman (1929) -- Peinando el Caribe / Harry L. Foster (1929).
590 ## - NOTA LOCAL (RLIN)
Nota local Inventariado,2020/VM
650 #4 - PUNTO DE ACCESO ADICIONAL DE MATERIA--TÉRMINO DE MATERIA
Término de materia o nombre geográfico como elemento de entrada Turistas
Subdivisión geográfica República Dominicana
Subdivisión general Historia
9 (RLIN) 77553
650 #4 - PUNTO DE ACCESO ADICIONAL DE MATERIA--TÉRMINO DE MATERIA
Término de materia o nombre geográfico como elemento de entrada Turismo
Subdivisión general Aspectos económicos
Subdivisión geográfica República Dominicana
9 (RLIN) 8529
651 #4 - PUNTO DE ACCESO ADICIONAL DE MATERIA--NOMBRE GEOGRÁFICO
Nombre geográfico República Dominicana
Subdivisión general Descripciones y viajes
9 (RLIN) 1651
Subdivisión de forma
Subdivisión cronológica Historia
700 1# - PUNTO DE ACCESO ADICIONAL--NOMBRE DE PERSONA
Nombre de persona Brugal, George Arzeno
9 (RLIN) 53763
700 1# - PUNTO DE ACCESO ADICIONAL--NOMBRE DE PERSONA
Nombre de persona Vega, Bernardo,
Fechas asociadas al nombre 1938 -
Término indicativo de función/relación pról.
9 (RLIN) 3222
710 2# - PUNTO DE ACCESO ADICIONAL--NOMBRE DE ENTIDAD CORPORATIVA
Nombre de entidad corporativa o nombre de jurisdicción como elemento de entrada Fundación Cultural Dominicana
9 (RLIN) 77555
910 ## - DATOS DE OPCIÓN DEL USUARIO (OCLC)
Datos de opción del usuario VMateo /Validado. Control de calidad MFF
942 ## - ELEMENTOS DE PUNTO DE ACCESO ADICIONAL (KOHA)
Fuente del sistema de clasificación o colocación Dewey Decimal Classification
Tipo de ítem Koha Libro
Holdings
Estado de retiro Estado de pérdida Fuente del sistema de clasificación o colocación Restricciones de uso No para préstamo Código de colección Localización permanente Ubicación/localización actual Ubicación en estantería Fecha de adquisición Número de inventario Signatura topográfica completa Código de barras Fecha visto por última vez Precio válido a partir de Tipo de ítem Koha Nota pública Número de copia Fuente de adquisición
    Dewey Decimal Classification Excluido de préstamo   Patrimonio Dominicano Biblioteca Nacional Pedro Henríquez Ureña Biblioteca Nacional Pedro Henríquez Ureña Depósito 15.06.2011 BNPHU PD 917.7293 P953t 26643-20 25.06.2020 25.06.2020 Libro   e. 2  
    Dewey Decimal Classification Préstamo en sala   Dominicana de Servicio Biblioteca Nacional Pedro Henríquez Ureña Biblioteca Nacional Pedro Henríquez Ureña Depósito 15.06.2011 BNPHU DS 917.7293 P953t 2020-0664 09.12.2020 25.06.2020 Libro   e. 3  
    Dewey Decimal Classification Préstamo en sala   Dominicana de Servicio Biblioteca Nacional Pedro Henríquez Ureña Biblioteca Nacional Pedro Henríquez Ureña Depósito 15.06.2011 BNPHU DS 917.7293 P953t 2022-5850 09.12.2020 25.06.2020 Libro   e. 4 INTEC
    Dewey Decimal Classification Excluido de préstamo   Patrimonio Dominicano Biblioteca Nacional Pedro Henríquez Ureña Patrimonio Dominicano Depósito 24.03.2011 BNPHU PD 917.7293 P953t 26643-10 25.06.2020 25.06.2020 Libro Perteneció a la biblioteca personal de Germán Emilio Ornes    

Powered by Koha